random countries' 3 most populated cities - Statistics

General Stats
  • This quiz has been taken 6 times
  • The average score is 5 of 15
Answer Stats
Country's Answer % Correct
Australia Sydney, Melbourne, Brisbane
80%
New Zealand Auckland, Christchurch, Wellington
60%
Spain Madrid, Barcelona, Valencia
60%
USA New York, Los Angeles, Chicago
60%
France Paris, Marseille, Lyon
60%
Russia Moscow, St Petersburg, Novosibirsk
40%
Saudi Arabia Riyadh, Jeddah, Mecca
40%
Brazil São Paulo, Rio de Janeiro, Brasília
40%
UK London, Manchester, Birmingham
20%
India New Delhi, Mumbai, Kolkata
20%
Iran Tehran, Isfahan, Mashhad
20%
China Chongqing, Shanghai, Beijing
0%
Israel Jerusalem, Tel Aviv-Jaffa, Haifa
0%
Nepal Kathmandu, Pokhara, Bharatpur
0%
Mexico Mexico City, Tijuana, Iztapalapa
0%
No matching quizzes found
Score Distribution
Percent of People with Each Score
Percentile by Number Answered
Your Score History
You have not taken this quiz